000 00639nam a22002650a 4500
001 PT34156
003 AR-LpoUNG
005 20210131230148.0
008 191001s2004||||ag |||||||||||||||||spa d
020 _a9500714922
_c$8.75
040 _aAR-LpoUNG
_bspa
_cAR-LpoUNG
_eaacr
041 _aspa
044 _aag
082 0 _a808.068 3 221pla
100 1 _aCanela
245 1 0 _aLola va a la plaza
250 _a2da. ed.
260 _aBuenos Aires :
_bSudamericana,
_c2004.
300 _a[19] p. :
_bil.
650 4 _aCUENTOS
653 _aLITERATURA INFANTIL
700 1 _aWeiss, Mónica
_eil.
905 _a34156
942 _cLIB
999 _c1824
_d1824